000 00979nam a22002297a 4500
999 _c63293
_d63293
005 20240530110633.0
008 170912s2014 ua a g b 000 0 ara d
017 _a2012/5333
_bمصر . دار الكتب المصرية
020 _a9789772160037
040 _aEG-CaGPL
082 0 4 _221
_a181.06\
_bهـ ح
100 1 _aهليفى ، يهودا بن شموئيل
245 1 2 _aالحجة و الدليل فى نصر الدين الذليل /
_cتاليف يهودا بن شموئيل هليفى ؛ نقلته الى الخط العربى ليلى ابراهيم ابوالمجد .
250 _aط.1
260 _aالقاهرة :
_bالمركز القومى للترجمة ،
_c2014 .
300 _a415 ص ؛
_c24 سم .
490 0 _aالمركز القومى للترجمة ؛
_v2155
650 0 7 _aاليهودية
_xتاريخ
650 0 7 _aاليهودية
_xدفع مطاعن
700 0 _aليلى ابراهيم ابوالمجد
_eمترجم
942 _2ddc
_cBK